Music Quiz

Random Music or Play Quiz
Score 0/122 Timer 07:00
0 Plays Today
% Correct
We
100%
the
100%
us
100%
The
100%
and
100%
the
100%
the
100%
we
100%
We
100%
the
100%
a
100%
us
100%
We
100%
a
100%
and
100%
the
100%
we
100%
a
100%
a
100%
used
98.6%
to
98.6%
used
98.6%
to
98.6%
used
98.6%
to
98.6%
hide
97.2%
[CHORUS] You
97.2%
for
97.2%
me
97.2%
You
97.2%
for
97.2%
me,
97.2%
You
97.2%
for
97.2%
me
97.2%
I
97.2%
in
97.2%
I
97.2%
You
97.2%
for
97.2%
me (x3)
97.2%
% Correct
[CHORUS]
97.2%
You
97.2%
me(x6)
97.2%
You
97.2%
for
97.2%
me
97.2%
I
97.2%
in
97.2%
I
97.2%
under
95.8%
played
95.8%
played
95.8%
played
95.8%
played
95.8%
played
95.8%
covers
94.4%
like
94.4%
like
94.4%
like
94.4%
like
94.4%
like
94.4%
like
94.4%
swear
93.1%
even
93.1%
swear
93.1%
even
93.1%
my
91.7%
my
91.7%
melodies
90.3%
we're
90.3%
it,
90.3%
it
90.3%
be
90.3%
It
90.3%
were
90.3%
it,
90.3%
it
90.3%
be
90.3%
inside
90%
each
88.9%
sleep
88.9%
% Correct
hear
88.9%
sleep
88.9%
hear
88.9%
other
87.5%
inside
87.5%
that
86.7%
major
86.1%
with
84.7%
Something
84.7%
minor,
84.7%
oh
84.7%
memory
83.3%
everything
83.3%
memory
83.3%
everything
83.3%
of
81.9%
of
81.9%
deep
80.6%
leaves
80%
Serenade
79.2%
keys
79.2%
piano
77.8%
couldn't
77.8%
from
77.8%
leaves
77.8%
But
76.7%
feeling,
76.7%
never
76.7%
stop
76.4%
turning
76.4%
buried
75%
world
75%
careless
73.6%
song
73.3%
was
72.2%
symphony
70.8%
scattered
66.7%
I'm
66.7%
stuck
63.3%
whirlwind,
58.3%
Remove Ads.
Support Sporcle.
Get the best of Sporcle when you Go Orange. This ad-free experience offers more features, more stats, and more fun while also helping to support Sporcle. Thank you for becoming a member.

You're not logged in!

Compare scores with friends on all Sporcle quizzes.
OR
Log In

Show Comments

Extras

Created Sep 29, 2019ReportNominate
Tags:Play Quiz, Song Quiz, alan, Walker

Top Quizzes Today


Score Distribution

Your Account Isn't Verified!

In order to create a playlist on Sporcle, you need to verify the email address you used during registration. Go to your Sporcle Settings to finish the process.

Report this User

Report this user for behavior that violates our Community Guidelines.

Details: